000
00317nam a2200133Ia 4500
005
20251222142008.0
008
251222s9999||||xx |||||||||||||| ||spa||
020
_a
84-8316-303-9
082
_a
372.21/B38
100
_a
Beltran Llena, Jesús A.
245
0
_a
Educar para el Siglo XXI:
264
_b
CCS
942
_c
LIB
999
_c
10247
_d
10247